Life beyond football (Record no. 80205)

MARC details
000 -LEADER
fixed length control field 00740cab a22001935a 4500
001 - CONTROL NUMBER
control field L143484
008 - FIXED-LENGTH DATA ELEMENTS--GENERAL INFORMATION
fixed length control field 080514s2008 xxka f 000 0 eng d
035 ## - SYSTEM CONTROL NUMBER
System control number (Sirsi) u143484
041 0# - LANGUAGE CODE
Language code of text/sound track or separate title eng
100 1# - MAIN ENTRY--PERSONAL NAME
Personal name Stanley, David
245 00 - TITLE STATEMENT
Title Life beyond football
260 ## - PUBLICATION, DISTRIBUTION, ETC.
Date of publication, distribution, etc. 2008
490 #0 - SERIES STATEMENT
Series statement Building Services Journal
Volume/sequential designation 30(5) May 2008, 25-28(4)
520 ## - SUMMARY, ETC.
Summary, etc. Report on the transformation of Arsenal's old home, Highbury stadium, into a development of luxury apartments. In particular, discusses how the services design was approached, which had to include two historic buildings. The total construction cost of the project was £125m.
590 ## - LOCAL NOTE (RLIN)
Local note KA
651 #4 - SUBJECT ADDED ENTRY--GEOGRAPHIC NAME
Geographic name United Kingdom
Chronological subdivision
690 ## - LOCAL SUBJECT ADDED ENTRY--TOPICAL TERM (OCLC, RLIN)
Topical term or geographic name as entry element Block management
9 (RLIN) 6220
942 ## - ADDED ENTRY ELEMENTS (KOHA)
Suppress in OPAC 0
Holdings
Withdrawn status Lost status Source of classification or shelving scheme Damaged status Not for loan Home library Current library Shelving location Date acquired Total Checkouts Full call number Barcode Date last seen Copy number Price effective from Koha item type
    Dewey Decimal Classification     London London Journal article 14/05/2008   L143484 143484-1001 06/08/2019 1 06/08/2019 Journal article